000 00868nam a2200277Ia 4500
003 OSt
005 20221005041654.0
006 a|||||r|||| 00| 0
007 ta
008 221004b |||||||| |||| 00| 0 eng d
020 _a041533843 (pbk)
_c695
024 _a89111
037 _bG-3045/07-08, 27/02/2008, Manohar Publisher & Distributors
_cTextual
040 _aCRL
_cCRL
_beng
041 _2eng
_aeng
082 _aSigma:f, P4
100 _aSeale Clive Ed.
245 0 _aSocial research methods
260 _aDelhi
_bRoutledge Indian Peprint India
_c2004
300 _axviii, 538p.
_ccm.
490 _aRoutledge students readers
650 _a RESEARCH METHODS
650 _aSOCIAL SCIENCES
942 _hSigma:f, P4
_cTEXL
_2cc
999 _c948913
_d948913